Исследование методов и разработка устройств для гармонического анализа распределений потока нейтронов в активной зоне уран-графитовых ядерных реакторов: приложение к диссертации на соискание ученой степени кандидата технических наук; Исследование методов и разработка устройств для гармонического анализа распределений потока нейтронов в активной зоне уран-графитовых ядерных реакторов

Dettagli Bibliografici
Autore principale: Дурновцев В. Я.
Ente Autore: Томский политехнический институт (ТПИ) Физико-технический факультет
Altri autori: Белов Е. М. (научный руководитель)
Lingua:russo
Pubblicazione: Томск, [Б. и.], 1969
Soggetti:
Natura: Libro
KOHA link:https://koha.lib.tpu.ru/cgi-bin/koha/opac-detail.pl?biblionumber=233419

MARC

LEADER 00000nbm0a2200000 4500
001 233419
005 20231101231240.0
035 |a (RuTPU)RU\TPU\book\254497 
035 |a RU\TPU\book\254488 
090 |a 233419 
100 |a 20130304d1969 k y0rusy50 ca 
101 0 |a rus 
102 |a RU 
105 |a a m 000zy 
200 1 |a Исследование методов и разработка устройств для гармонического анализа распределений потока нейтронов в активной зоне уран-графитовых ядерных реакторов  |e приложение к диссертации на соискание ученой степени кандидата технических наук  |f В. Я. Дурновцев  |g Томский политехнический институт (ТПИ), Физико-технический факультет ; науч. рук. Е. М. Белов 
210 |a Томск  |c [Б. и.]  |d 1969 
215 |a 27 л.  |c ил. 
422 1 |0 (RuTPU)RU\TPU\book\254488  |t Исследование методов и разработка устройств для гармонического анализа распределений потока нейтронов в активной зоне уран-графитовых ядерных реакторов  |o диссертация на соискание ученой степени кандидата технических наук  |f В. Я. Дурновцев  |g Томский политехнический институт (ТПИ), Физико-технический факультет ; науч. рук. Е. М. Белов  |c Томск  |n Б.и.  |d 1968  |p 274 л.  |a Дурновцев, В. Я. 
606 1 |a Ядерные реакторы, уран-графитовые  |2 stltpush  |3 (RuTPU)RU\TPU\subj\21728  |9 46680 
610 1 |a активная зона 
610 1 |a нейтроны 
610 1 |a распределение 
610 1 |a гармонический анализ 
610 1 |a вычисление 
610 1 |a методы 
610 1 |a схемы 
610 1 |a устройства 
610 1 |a анализаторы 
610 1 |a диссертации 
610 1 |a приложения 
675 |a 621.039.52(04)  |v 3 
700 1 |a Дурновцев  |b В. Я. 
702 1 |a Белов  |b Е. М.  |4 727 
712 0 2 |a Томский политехнический институт (ТПИ)  |b Физико-технический факультет  |c (1944-1991)  |2 stltpush  |3 (RuTPU)RU\TPU\col\1123 
801 1 |a RU  |b 63413507  |c 20130304 
801 2 |a RU  |b 63413507  |c 20130314  |g RCR 
942 |c BK